| 000 | 00000nam##2200000za#4500 |
| 001 | 9.598955 |
| 003 | CaOODSP |
| 005 | 20210624204826 |
| 007 | cr ||||||||||| |
| 008 | 150406|1998||||xxc|||||o f|0| 0 fre|d |
| 040 | |aCaOODSP|bfre |
| 043 | |an-cn--- |
| 086 | 1 |aBT31-2/1999-III-18F-PDF |
| 110 | 1 |aCanada. |bConseil du trésor. |
| 245 | 10|aTribunal canadien du commerce extérieur, 1998-1999, budget des dépenses, rapport sur les plans et les priorités |h[ressource électronique] |
| 260 | |bSecrétariat du Conseil du Trésor du Canada |c[1998]. |
| 300 | |a19p.|borganigramme, références, tableaux, index |
| 490 | 1 |aBudget des dépenses 1998-1999. Partie III, Rapport sur les plans et les priorités |v1998-1999 |
| 590 | |a10-07-Supp|b2010-09-08 |
| 775 | 08|tCanadian International Trade Tribunal, 1998-99 estimates, a report on plans and priorities |w(CaOODSP)9.567628 |
| 776 | 0#|tCanadian International Trade Tribunal |w(CaOODSP)9.530298 |
| 776 | 0#|tTribunal canadien du commerce extérieur |w(CaOODSP)9.530299 |
| 830 | #0|aBudget des dépenses 1998-1999. Partie III, Rapport sur les plans et les priorités ;|v1998-1999|w(CaOODSP)9.502118 |
| 856 | 40|ahttp://publications.gc.ca|qPDF|s64 Ko|uhttps://publications.gc.ca/collections/Collection/BT31-2-1999-III-18F.pdf|y1998-1999 |